| 000 | 00698nam a2200205Ii 4500 | ||
|---|---|---|---|
| 003 | JO-AjNU | ||
| 008 | 230606s9999||||xx |||||||||||||| ||und|| | ||
| 020 | _a0-8493-1137-3 | ||
| 040 |
_aJO-AjNU _beng _erda _cJO-AjNU |
||
| 041 | _aeng | ||
| 050 | 1 | 4 | _aQA76.9.A25.P46.2001 |
| 100 | 3 |
_aPELTIER,Thomas, _eauthor _9867 |
|
| 245 | 0 | 0 | _ainformation security policies,procedures,and standards:Guidelines for Effective Information Security Management |
| 264 | 3 | 1 | _aAUERBACH PUBLICATIONS:LONDON,2001 |
| 300 | _a296p | ||
| 336 |
_atext _btxt _2rdacontent |
||
| 337 |
_aunmediated _bn _2rdamedia |
||
| 338 |
_avolume _bnc _2rdacarrier |
||
| 650 | 4 |
_ainformation security policies,procedures,and standards _9868 |
|
| 999 |
_aE458 _c458 _d458 |
||